000 00388nam a2200169Ia 4500
008 230524s9999 xx 000 0 und d
020 _a8170148286
082 _a3
_bKAP
100 _aV.K.Kapoor
245 0 _aOperations Research
250 _a7TH
260 _aNEW DELHI
_bS.Chand
_c2001
300 _aXV;275
500 _aQuantity Number: 5
650 _aMathematics
942 _cBK
999 _c18935
_d18935